The first 500 words of the Bee movie word for word. - Statistics

General Stats
  • This quiz has been taken 25 times
  • The average score is 185 of 500
Answer Stats
Answer % Correct
a
86%
be
82%
bee
77%
I
77%
to
77%
he
73%
you
73%
an
68%
hi
68%
honey
68%
the
68%
all
64%
and
64%
hear
64%
is
64%
it
64%
no
64%
There
64%
they
64%
do
59%
fly
59%
in
59%
Ma
59%
me
59%
my
59%
of
59%
on
59%
she
59%
think
59%
we
59%
your
59%
are
55%
go
55%
men
55%
not
55%
that
55%
why
55%
as
50%
can
50%
for
50%
it's
50%
know
50%
new
50%
our
50%
should
50%
where
50%
work
50%
black
45%
day
45%
every
45%
have
45%
here
45%
his
45%
I'm
45%
life
45%
this
45%
too
45%
up
45%
us
45%
was
45%
way
45%
what
45%
will
45%
yellow
45%
yes
45%
able
41%
because
41%
does
41%
don't
41%
get
41%
good
41%
job
41%
pollen
41%
small
41%
those
41%
back
36%
bees
36%
could
36%
house
36%
into
36%
like
36%
little
36%
off
36%
out
36%
sting
36%
today
36%
were
36%
with
36%
body
32%
come
32%
fat
32%
got
32%
hey
32%
hive
32%
love
32%
money
32%
never
32%
ow
32%
part
32%
these
32%
under
32%
we'll
32%
well
32%
about
27%
around
27%
at
27%
Barry
27%
can't
27%
did
27%
humans
27%
make
27%
proud
27%
ready
27%
say
27%
thats
27%
thing
27%
thought
27%
three
27%
use
27%
yeah
27%
after
23%
believe
23%
die
23%
flying
23%
girl
23%
graduation
23%
ground
23%
high
23%
hot
23%
I'd
23%
just
23%
keep
23%
need
23%
point
23%
right
23%
son
23%
took
23%
top
23%
very
23%
wings
23%
9
18%
anyway
18%
boy
18%
care
18%
college
18%
cousin
18%
days
18%
different
18%
everyone
18%
excited
18%
father
18%
going
18%
graduate
18%
let's
18%
looking
18%
pick
18%
row
18%
someone
18%
stairs
18%
waste
18%
begins
14%
bit
14%
bring
14%
B's
14%
class
14%
color
14%
coming
14%
course
14%
glad
14%
graduating
14%
hang
14%
here's
14%
Honex
14%
inside
14%
knows
14%
nectar
14%
paid
14%
please
14%
quite
14%
report
14%
school
14%
she's
14%
special
14%
squirrel
14%
stop
14%
sweet
14%
welcome
14%
whole
14%
Adam
9%
awkward
9%
breakfast
9%
bye
9%
card
9%
career
9%
ceremonies
9%
concludes
9%
cousins
9%
distinguished
9%
enough
9%
faculty
9%
fly's
9%
funeral
9%
fuzz
9%
gel
9%
gotten
9%
grade
9%
group
9%
guess
9%
hands
9%
happening
9%
heard
9%
hitchhiked
9%
impossible
9%
looks
9%
makes
9%
ooh
9%
orientation
9%
park
9%
perfect
9%
pour
9%
shake
9%
sharp
9%
such
9%
times
9%
vacations
9%
wave
9%
welcome
9%
wow
9%
118,000
5%
amen
5%
amusement
5%
Artie
5%
bee-men
5%
Buzzwell
5%
catches
5%
circumstances
5%
city
5%
Deen
5%
Frankie
5%
glow
5%
golden
5%
growing
5%
hallelujah
5%
hangs
5%
heads
5%
helmet
5%
hothead
5%
incorporating
5%
industries
5%
it'll
5%
lint
5%
millions
5%
mustache
5%
pomp
5%
regular
5%
saved
5%
second
5%
sorry
5%
strand
5%
strive
5%
students
5%
testing
5%
weorked
5%
wonder
5%
advancement
0%
ajusted
0%
antennas
0%
aspect
0%
automatically
0%
buble
0%
constantly
0%
corected
0%
countered
0%
distinctive
0%
division
0%
existence
0%
formula
0%
hexagon
0%
honesco
0%
improve
0%
jocks
0%
Krelman
0%
latest
0%
scary
0%
scent
0%
seceret
0%
sothing
0%
stress
0%
syrup
0%
technology
0%
tram
0%
valiant
0%
No matching quizzes found
Score Distribution
Percent of People with Each Score
Percentile by Number Answered
Your Score History
You have not taken this quiz